Devine le joueur de foot #8 - Statistiques

Statistiques générales
  • Ce quiz a été pris 110 fois
  • Le résultat moyen est 16 sur 20
Statistiques - réponses
Par images Réponse % Correct
Benjamin Pavard
97%
Zinédine Zidane
97%
Didier Deschamps
96%
Jude Bellingham
93%
Memphis Depay
92%
Xavier Hernández Creus
92%
Pedro González López
91%
James Rodríguez
89%
Lucas Tolentino Coella de Lima
85%
Marcus Rashford
85%
Maghnes Akliouche
82%
Marouane Fellaini
79%
Michael Essien
79%
Yannick Carrasco
77%
Bruno Guimarães
76%
Patrick Kluivert
74%
Matveï Safonov
73%
Nélson de Jesus Silva
61%
Illya Zabarnyi
54%
Youssef En-Nesyri
47%
Aucun quiz correspondant
Distribution des résultats
% des personnes avec chaque résultat
Percentile par nombre de réponses
Votre historique - résultats
Vous n’avez pas pris ce quiz